000 00677nam a2200289Ia 4500
005 20260324131340.0
008 008 260324s9999 xx 000 0 eng d
020 _a9780203966235
037 _aEBOOK
040 _aCRL
040 _beng
040 _cCRL
041 _2eng
041 _aeng
084 _qCRL
100 _aJohn Howson
_91185181
245 0 _aTaking Control of Your Teaching Career
245 2 _bA Guide for Teachers
260 _bTaylor and Francis
260 _c2006
365 _a
365 _b89.99
856 _uhttp://www.taylorfrancis.com/books/9780203966235
942 _cEBOOK
999 _c1782239
_d1782239